The penguin dictionary of architecture :

محفوظ في:

المؤلف الرئيسي: Fleming, John.

التنسيق: كتاب

اللغة: Undetermined

منشور في: Baltimore : Penguin Books, 1966.

سلاسل: Penguin reference books, R13

الموضوعات:

الوسوم: إضافة وسم

لا توجد وسوم, كن أول من يضع وسما على هذه التسجيلة!

رقم الطلب: (Ref.) NA31 .F55

LEADER 00579nam a2200157Ia 4500
008 220712s9999||||xx |||||||||||||| ||und||
050 4 |a (Ref.) NA31 .F55 
100 1 |a Fleming, John. 
245 1 4 |a The penguin dictionary of architecture : 
264 1 |a Baltimore :  |b Penguin Books,  |c 1966. 
300 |a 247p. :  |b illus., plans ;  |c 20cm. 
490 0 |a Penguin reference books, R13 
555 4 |o (Ref.) NA31 .F55 
650 4 |a Architecture Dictionaries. 
952 |0 0  |1 0  |2 lcc  |4 0  |7 1  |9 41836  |a ARCE  |b ARCE  |d 2022-07-21  |l 0  |o (Ref.) NA31 .F55  |p 1037159  |r 2022-07-21 00:00:00  |w 2022-07-21  |y BK 
999 |c 48815  |d 48815